[Event "GER-chT U20"]
[Site "Muenster"]
[Date "2022.12.27"]
[Round "2"]
[White "Hoffmann, Kay"]
[Black "Koleber, Ksenia Alexandra"]
[Result "1-0"]
[WhiteElo "1708"]
[BlackElo "1403"]
[PlyCount "25"]
[EventDate "2022.12.26"]
[EventType "team-swiss"]
[EventRounds "7"]
[EventCountry "GER"]
[SourceTitle "CBM 212 Extra"]
[Source "ChessBase"]
[SourceDate "2023.03.31"]
[SourceVersion "1"]
[SourceVersionDate "2023.03.31"]
[SourceQuality "1"]
[WhiteTeam "Barnim Schachfreunde"]
[BlackTeam "Biebertal"]
[WhiteTeamCountry "GER"]
[BlackTeamCountry "GER"]

1. f4 d5 2. Nf3 Nf6 3. e3 Nc6 4. b3 b6 5. Bb5 Bb7 6. Ne5 Qd6 7. d4 Nd7 8. Ba3 Qf6 9. Nxd7 Kxd7 10. 0-0 a6 11. Bd3 e6 12. f5 Bxa3 13. fxe6+ 1-0